Laddar...
Descriptors for capsicum
| Huvudupphovsman: | |
|---|---|
| Materialtyp: | Printed Book |
| Språk: | Undetermined English |
| Publicerad: |
Rome
International plant genetic resources institute
1971
|
| Ämnen: |
| LEADER | 00608nam a2200181Ia 4500 | ||
|---|---|---|---|
| 008 | 140306s9999 xx 000 0 und d | ||
| 041 | |a eng | ||
| 082 | |a 635 |b DES/CA | ||
| 100 | |a Asian vegetable research, Development centre | ||
| 245 | |a Descriptors for capsicum | ||
| 260 | |a Rome |b International plant genetic resources institute |c 1971 | ||
| 300 | |a 49 | ||
| 365 | |b Rs.16 | ||
| 650 | |a Capsicum | ||
| 650 | |a Capsicum | ||
| 942 | |2 ddc |c BK | ||
| 999 | |c 115034 |d 115034 | ||
| 952 | |0 0 |1 0 |2 ddc |4 0 |6 635_000000000000000_DESCA |7 0 |9 113362 |a KAUHCV |b KAUHCV |d 2004-04-23 |g 16.00 |o 635 DES/CA |p KAU_HCV-G-966 |r 2014-03-22 |w 2014-03-22 |y BK | ||